Historia de la cultura argentina /
Guardado en:
| Autor Principal: | |
|---|---|
| Formato: | Libro |
| Publicado: |
Buenos Aires :
Stella,
1988
|
| Materias: | |
| Etiquetas: |
Agregar Etiqueta
Sin Etiquetas, Sea el primero en etiquetar este registro!
|
| LEADER | 00461nam a22001695a 4500 | ||
|---|---|---|---|
| 001 | CEM.cems002144 | ||
| 005 | 20060216000000.0 | ||
| 008 | 130507s1988##################000#0#####d | ||
| 003 | CEMS | ||
| 082 | 0 | 4 | |a 982 |
| 100 | 1 | |a Drago, Alfredo L. | |
| 245 | 1 | 0 | |a Historia de la cultura argentina / |
| 260 | |a Buenos Aires : |b Stella, |c 1988 | ||
| 300 | |a 339 p. | ||
| 653 | |a Historia | ||
| 653 | |a Historia argentina | ||
| 859 | |a CEMS |b BIB. CEMS - 11 de abril |h 982 |i D786-1 |p 15699.90 |t Ej.1 | ||
